Dr. Mahathir sebelum dan sesudah Timbalan Perdana Menteri / (Record no. 49)

000 -LEADER
fixed length control field nam a22 a 4500
003 - CONTROL NUMBER IDENTIFIER
control field AKMAL
005 - DATE AND TIME OF LATEST TRANSACTION
control field 20170413141315.0
008 - FIXED-LENGTH DATA ELEMENTS--GENERAL INFORMATION
fixed length control field xx 000 d
040 ## - CATALOGING SOURCE
Original cataloging agency AKMAL
090 ## - LOCALLY ASSIGNED LC-TYPE CALL NUMBER (OCLC); LOCAL CALL NUMBER (RLIN)
Classification number (OCLC) (R) ; Classification number, CALL (RLIN) (NR) 923.2
Local cutter number (OCLC) ; Book number/undivided call number, CALL (RLIN) RAC
100 ## - MAIN ENTRY--PERSONAL NAME
Personal name Rachmanmat
9 (RLIN) 176
245 10 - TITLE STATEMENT
Title Dr. Mahathir sebelum dan sesudah Timbalan Perdana Menteri /
Statement of responsibility, etc. oleh Rachmanmat.
260 ## - PUBLICATION, DISTRIBUTION, ETC.
Place of publication, distribution, etc. Petaling Jaya :
Name of publisher, distributor, etc. Adabi,
Date of publication, distribution, etc. 1976
300 00 - PHYSICAL DESCRIPTION
Extent 103ms :
Other physical details ill ;
Dimensions 18cm
500 ## - GENERAL NOTE
General note Nama benar pengarang: Abdul Rahman Mat
942 ## - ADDED ENTRY ELEMENTS (KOHA)
Source of classification or shelving scheme
Koha item type Book
Holdings
Withdrawn status Lost status Source of classification or shelving scheme Damaged status Not for loan Collection code Home library Current library Shelving location Date acquired Inventory number Total Checkouts Full call number Barcode Date last seen Price effective from Koha item type
          NON-FICTION AKMAL Melaka AKMAL Melaka PINJAMAN 13.04.2017 900243   923.2 RAC 201700081 13.04.2017 13.04.2017 Book
Pusat Sumber Maklumat Dato' Haji Sarmin Md Hussin, Akademi Kastam Diraja Malaysia, Melaka
Tel: 06-2331106 | Faks: 06-2313787